000 01073cam a2200157 4500500
005 20260111085628.0
041 _afre
042 _adc
100 1 0 _aSchumacher, Julio
_eauthor
245 0 0 _aDaniel Shabetai Milo, La survie des médiocres, Critique du darwinisme et du capitalisme. Gallimard, « Bibliothèque des sciences humaines », 2024, 448 pages, 27 €.
260 _c2024.
500 _a59
520 _aEn situation d’oppression, l’humour est un art sociologique intuitif qui joue sur la corde raide. En détendant l’atmosphère, en affichant un air tranquille, celui qui lance un mot d’esprit ou une répartie amusante dissout la gravité du moment pour lui ou son groupe et rappelle que rien n’est perdu. Pendant la Deuxième Guerre mondiale, l’humoriste Pierre Dac (1893-1975) devient une figure de la Résistance, grâce à ses interventions sur Radio Londres.
786 0 _nÉtudes | Avril | 4 | 2024-03-28 | p. 117zn-142zn | 0014-1941
856 4 1 _uhttps://shs.cairn.info/revue-etudes-2024-4-page-117zn?lang=fr&redirect-ssocas=7080
999 _c1618408
_d1618408